000 00273nam a22001217a 4500
999 _c12707
_d12707
020 _a9781405293181
082 _a823.92
100 _aJackson,Holly
245 _aA Good Girl's Guide to Murder
260 _aUK
_bElectric Monkey
_c2019
300 _a432, pages.
942 _cBK